[Event "Werther Schloss op-C 13rd"]
[Site "Werther"]
[Date "2007.03.31"]
[Round "3"]
[White "Wenske, Hardy"]
[Black "Sadroschinski, Michael"]
[Result "0-1"]
[WhiteElo "1585"]
[BlackElo "1720"]
[PlyCount "117"]
[EventDate "2007.03.31"]
[EventType "swiss"]
[EventRounds "5"]
[EventCountry "GER"]
[SourceTitle "EXT 2008"]
[Source "ChessBase"]
[SourceDate "2007.11.25"]
[SourceVersion "1"]
[SourceVersionDate "2007.11.25"]
[SourceQuality "1"]

1. e4 c5 2. Nf3 e6 3. c3 d5 4. e5 Nc6 5. Bb5 Qb6 6. Bxc6+ bxc6 7. Na3 Ba6 8. d3 g6 9. 0-0 Bg7 10. Rb1 Ne7 11. Re1 0-0 12. Bf4 Rab8 13. Qd2 Rbe8 14. Bh6 Nf5 15. Bxg7 Kxg7 16. b3 h6 17. Nc2 Qc7 18. d4 cxd4 19. cxd4 c5 20. Rbc1 c4 21. Ne3 Nxe3 22. Rxe3 Rc8 23. Rec3 Qe7 24. Qb2 Qb7 25. b4 Bb5 26. Qc2 Qd7 27. Qd2 Rc6 28. g4 Qe7 29. a3 Ra8 30. h4 a5 31. Rb1 Rca6 32. Qf4 axb4 33. Rxb4 Ba4 34. Qf6+ Qxf6 35. exf6+ Kxf6 36. Rb7 R6a7 37. Rxa7 Rxa7 38. Ne5 Kg7 39. f4 f6 40. Nf3 Bb3 41. g5 Rxa3 42. Kf2 Ra2+ 43. Ke3 Bd1 44. Nd2 hxg5 45. hxg5 Ra1 46. Nxc4 dxc4 47. Rxc4 Ra7 48. Rc5 Bb3 49. Rc3 Rb7 50. Rc1 Bd5 51. Rc3 Rb3 52. Rxb3 Bxb3 53. Kd3 f5 54. Kc3 Bd5 55. Kb4 Kf7 56. Kc3 Ke7 57. Kb4 Kd6 58. Kb5 Ba2 59. Kb4 0-1

[Event "Werther Schloss op-C 12th"]
[Site "Werther"]
[Date "2006.04.09"]
[Round "4"]
[White "Borgstedt, Rainer"]
[Black "Sadroschinski, Michael"]
[Result "1-0"]
[WhiteElo "1618"]
[BlackElo "1738"]
[PlyCount "23"]
[EventDate "2006.04.07"]
[EventType "swiss"]
[EventRounds "5"]
[EventCountry "GER"]
[SourceTitle "EXT 2008"]
[Source "ChessBase"]
[SourceDate "2007.11.25"]
[SourceVersion "1"]
[SourceVersionDate "2007.11.25"]
[SourceQuality "1"]

1. d4 Nf6 2. Nf3 g6 3. c4 Bg7 4. Nc3 d5 5. Bg5 Ne4 6. Rc1 Nxg5 7. Nxg5 Bh6 8. f4 f6 9. Qa4+ Bd7 10. Ne6 Qc8 11. Nb5 Bxe6 12. Nd6+ 1-0

[Event "Werther Schloss op-C 12th"]
[Site "Werther"]
[Date "2006.04.07"]
[Round "1"]
[White "Huber, Helmut"]
[Black "Sadroschinski, Michael"]
[Result "0-1"]
[WhiteElo "1600"]
[BlackElo "1738"]
[PlyCount "68"]
[EventDate "2006.04.07"]
[EventType "swiss"]
[EventRounds "5"]
[EventCountry "GER"]
[SourceTitle "EXT 2008"]
[Source "ChessBase"]
[SourceDate "2007.11.25"]
[SourceVersion "1"]
[SourceVersionDate "2007.11.25"]
[SourceQuality "1"]

1. Nf3 c5 2. g3 b6 3. Bg2 Bb7 4. 0-0 Nf6 5. d4 cxd4 6. Nxd4 Bxg2 7. Kxg2 e5 8. Nf5 d5 9. c3 Qd7 10. Qc2 g6 11. Ne3 Qc6 12. Kg1 Bg7 13. Rd1 0-0 14. Qb3 Rd8 15. Nd2 Na6 16. Nf3 Qe6 17. Ng5 Qd7 18. h4 Nc5 19. Qc2 e4 20. Kg2 h6 21. Nh3 Ne6 22. f3 Qc7 23. Nf1 exf3+ 24. exf3 d4 25. Nf4 Nxf4+ 26. Bxf4 Qc6 27. Kf2 Nd5 28. Qd2 Nxf4 29. Qxf4 dxc3 30. bxc3 Qxc3 31. Rac1 Qb2+ 32. Kg1 Qxa2 33. Nh2 Qe2 34. Rxd8+ Rxd8 0-1

[Event "Oberliga NRW 0001 II"]
[Site "NRW"]
[Date "2000.10.29"]
[Round "2.5"]
[White "Berg, Michael"]
[Black "Sadroschinski, Michael"]
[Result "1-0"]
[WhiteElo "2279"]
[BlackElo "1745"]
[PlyCount "53"]
[EventDate "2000.09.24"]
[EventType "team"]
[EventRounds "9"]
[EventCountry "GER"]
[SourceTitle "EXT 2006"]
[Source "ChessBase"]
[SourceDate "2005.11.24"]
[SourceVersion "1"]
[SourceVersionDate "2005.11.24"]
[SourceQuality "1"]
[WhiteTeam "Solingen II"]
[BlackTeam "Enger Spenge"]
[WhiteTeamCountry "GER"]
[BlackTeamCountry "GER"]

1. d4 Nf6 2. c4 g6 3. Nc3 d5 4. Nf3 Bg7 5. Qb3 dxc4 6. Qxc4 Be6 7. Qb5+ Nc6 8. Qxb7 Bd7 9. Qb3 Rb8 10. Qd1 Bf5 11. e4 Nxe4 12. Qa4 Qd6 13. Bb5 Rxb5 14. Qxb5 0-0 15. 0-0 Nxd4 16. Nxd4 Bxd4 17. Bh6 Rd8 18. Rad1 c5 19. Qe2 Qc6 20. g4 Nxf2 21. Rxf2 Bxf2+ 22. Kxf2 Rxd1 23. Qxd1 Bd7 24. Qf3 Qe6 25. Qa8+ Bc8 26. Nd5 f6 27. Qxc8+ 1-0